ROBOT COGGNITION AND NAVIGATION (Record no. 33341)

MARC details
000 -LEADER
fixed length control field 00300nam a22001337a 4500
003 - CONTROL NUMBER IDENTIFIER
control field SGT
020 ## - INTERNATIONAL STANDARD BOOK NUMBER
International Standard Book Number 9783642062476
082 ## - DEWEY DECIMAL CLASSIFICATION NUMBER
Classification number 629.892,PAT
100 ## - MAIN ENTRY--PERSONAL NAME
Personal name PATNAIK,SRIKANTA.
245 ## - TITLE STATEMENT
Title ROBOT COGGNITION AND NAVIGATION
260 ## - PUBLICATION, DISTRIBUTION, ETC. (IMPRINT)
Place of publication, distribution, etc NEW DELHI
Name of publisher, distributor, etc SPRINGER
Year of Publication 2007
300 ## - PAGE DESCRIPTION
No. of Pages 288
942 ## - ADDED ENTRY ELEMENTS (KOHA)
Source of classification or shelving scheme Dewey Decimal Classification
Koha item type Books
Holdings
Withdrawn status Lost status Source of classification or shelving scheme Damaged status Not for loan Collection code Home library Current library Shelving location Date acquired Vendor Name Cost, normal purchase price SGTU Bill Number Total Checkouts Full call number Accession No. (Barcode) Date last seen Bill Date Koha item type
    Dewey Decimal Classification   Not For Loan ENGINEERING SGT Engineering Library SGT Engineering Library Reference Book 13/01/2026 BRIJWASI BOOK DISTRIBUTORS 3526.00 SGTU IN/BW/000370   629.892,PAT FE9455 13/01/2026 12/12/2025 Books